000 00350nam a2200133Ia 4500
008 240624s9999 xx 000 0 und d
041 _aeng
082 _a428.2 FIE
100 _aFIELD MARION
245 _aIMPROVE YOUR GRAMMAR AND PUNCTUATION MAS
260 _c2007
_aMumbai
_bJaico Publishing House
300 _a176 : p. : cm. ; 21
365 _cRS
_b30
999 _c8249
_d8249